Caitlyn Spelling - Statistics

General Stats
  • This quiz has been taken 14 times
  • The average score is 46 of 153
Answer Stats
Answer % Correct
Caitlyn
90%
Kaitlyn
80%
Katelyn
80%
Caetlin
70%
Caitlin
70%
Caitlynn
70%
Catelyn
70%
Catlyn
70%
Kaitlynn
70%
Katelin
70%
Katlyn
70%
Caetlyn
60%
Caitlinn
60%
Catelynn
60%
Catlin
60%
Kaitlin
60%
Katlin
60%
Caetlinn
50%
Caetlynn
50%
Caitelyn
50%
Caitelynn
50%
Catelin
50%
Catlynn
50%
Kaitlinn
50%
Katelinn
50%
Katelynn
50%
Katlynn
50%
Caetlan
40%
Caetlinne
40%
Caetlynne
40%
Caitelynne
40%
Caitlan
40%
Caitlinne
40%
Caitlynne
40%
Catelinn
40%
Catelinne
40%
Catelynne
40%
Catlinn
40%
Caytlin
40%
Kaetlin
40%
Kaetlyn
40%
Kaetlynn
40%
Kaitelyn
40%
Kaitelynn
40%
Kaitelynne
40%
Kaitlinne
40%
Kaitlynne
40%
Katelinne
40%
Katelynne
40%
Katlinn
40%
Caitelin
30%
Caitelinn
30%
Caitelinne
30%
Catelan
30%
Catlinne
30%
Catlynne
30%
Caytelin
30%
Caytelinn
30%
Caytelinne
30%
Caytelyn
30%
Caytelynn
30%
Caytelynne
30%
Caytlan
30%
Caytlinn
30%
Caytlinne
30%
Caytlyn
30%
Caytlynn
30%
Caytlynne
30%
Kaetlan
30%
Kaetlinn
30%
Kaetlinne
30%
Kaetlynne
30%
Kaitelin
30%
Kaitelinn
30%
Kaitelinne
30%
Katelan
30%
Katlinne
30%
Katlynne
30%
Kaytelin
30%
Kaytelinn
30%
Kaytelinne
30%
Kaytelyn
30%
Kaytelynn
30%
Kaytelynne
30%
Kaytlin
30%
Kaytlinn
30%
Kaytlinne
30%
Kaytlyn
30%
Kaytlynn
30%
Kaytlynne
30%
Keightlin
30%
Keightlinn
30%
Keightlinne
30%
Keightlyn
30%
Keightlynn
30%
Keightlynne
30%
Caitelan
20%
Caitland
20%
Catlan
20%
Caytelan
20%
Kaitelan
20%
Kaitlan
20%
Katlan
20%
Kaytelan
20%
Kaytlan
20%
Keightlan
20%
Caetland
10%
Caetlind
10%
Caiteland
10%
Caitelind
10%
Caitlind
10%
Cateland
10%
Catelind
10%
Catland
10%
Catlind
10%
Cayetlan
10%
Cayetland
10%
Cayetlin
10%
Cayetlind
10%
Cayetlinn
10%
Cayetlinne
10%
Cayetlyn
10%
Cayetlynn
10%
Cayetlynne
10%
Cayteland
10%
Caytelind
10%
Caytland
10%
Caytlind
10%
Kaetland
10%
Kaetlind
10%
Kaiteland
10%
Kaitelind
10%
Kaitland
10%
Kaitlind
10%
Kateland
10%
Katelind
10%
Katland
10%
Katlind
10%
Kayetlan
10%
Kayetland
10%
Kayetlin
10%
Kayetlind
10%
Kayetlinn
10%
Kayetlinne
10%
Kayetlyn
10%
Kayetlynn
10%
Kayetlynne
10%
Kayteland
10%
Kaytelind
10%
Kaytland
10%
Kaytlind
10%
Keightland
10%
Keightlind
10%
No matching quizzes found
Score Distribution
Percent of People with Each Score
Percentile by Number Answered
Your Score History
You have not taken this quiz